000 00809cam a22002415a 4500
001 017695765
003 OSt
005 20201128024058.0
008 151218t2015 ii a frb 000 0 eng d
020 _a9789384588854
040 _aStDuBDS
_beng
_cStDuBDS
_dEG-ScBUE
082 0 4 _222
_a658.300954
_bCAS
245 0 0 _aCase studies in human resource management /
_cedited by Sanjeev Bansal, Jaya Yadav, Hargovind Kakkar.
260 _aNew Delhi :
_bI. K. International Publish,
_cc.2015.
300 _axvi, 221 p. :
_bill. ;
_c24 cm.
504 _aIncludes bibliographical references.
650 7 _aPersonnel management.
_2BUEsh
_9994
653 _bBUSADM
_cDecember2016
700 1 _aBansal, Sanjeev,
_eeditor.
_97854
700 1 _aYadav, Jaya,
_eeditor.
700 1 _aKakkar, Hargovind,
_eeditor.
942 _2ddc
999 _c23663
_d23635